| 000 | 01412nam0a22003371 4500 | ||
|---|---|---|---|
| 001 | v19\rc\1741740 | ||
| 005 | 20061204152044.8 | ||
| 035 | _a(NLR Aleph) 004848737 | ||
| 090 |
_a4898823 _c4898823 |
||
| 100 | _a20061204d1902 |||y0rusy50 ca | ||
| 101 | 0 | _arus | |
| 102 | _aRU | ||
| 105 | _ay z |||a| | ||
| 200 | 1 |
_a1. Привидение в корпусе _e(Рассказ) _a2. Невольный душегуб _e(Рассказ из извозчичьей жизни) _a3. Трагедия в музее _e(Рассказ) _a4. Душа спящего _e(Стран. случай) _a5. Страшный паук _e(Трагикомич. эпизод) _fНиколай фон Дингельштедт |
|
| 210 |
_aСанкт-Петербург _cтипо-лит. И. Лурье и К° _d1902 |
||
| 215 |
_a110 с. _d17 |
||
| 517 | 0 | _aПривидение в корпусе | |
| 517 | 0 | _aНевольный душегуб | |
| 517 | 0 | _aТрагедия в музее | |
| 517 | 0 | _aДуша спящего | |
| 517 | 0 | _aСтрашный паук | |
| 700 | 1 |
_aДингельштедт _bН. Ф. фон _f1852-после 1916 _gНиколай Федорович фон |
|
| 801 | 0 |
_aRU _bNLR _gpsbo |
|
| 801 | 0 |
_aRU _bRuMoRGB _2psbo |
|
| 801 | 1 |
_aRU _bProSoft-M _2rusmarc |
|
| 852 |
_aNLR _j34.9.5.9 |
||
| 899 |
_aRuMoRGB _jF 82/178 |
||
| 899 | _aБАН | ||
| 899 | _aНБ СПбГУ | ||
| 942 | _cBOOK | ||
| 980 | _aNB | ||